Normal view MARC view
  • Guillén de Rezzano, Clotilde,

Entry Nombre Personal

Number of records used in: 11

001 - NUMERO DE CONTROL

  • campo de control: 28888

003 - IDENTIFICADOR DE NUMERO DE CONTROL

  • campo de control: UPN

005 - FECHA Y HORA DE LA ÜLTIMA TRANSACCIÓN

  • campo de control: 20240424122137.0

008 - DATOS DE LONGITUD FIJA

  • campo de control de longitud fija: 240424n||acannaabn | aaa |d

035 ## - NUMERO DE CONTROL

  • Número de control: UPN11000000994

040 ## - FUENTE DE CATALOGACIÓN

  • Lenguaje de catalogación: spa
  • Agencia de transcripción: MX-MxUPN
  • Agencia original de catalogación: MX-MxUPN

046 ## - FECHAS CON CODIFICACIÓN ESPECIAL

  • Fecha de nacimiento: 18800618
  • Fecha de muerte: 19510607

100 1# - ENCABEZAMIENTO - NOMBRE PERSONAL

  • Nombre personal: Guillén de Rezzano, Clotilde,
  • Fechas asociadas con el nombre: 1880-1951

370 ## - LUGAR ASOCIADO

  • Place of birth: Buenos Aires
  • Associated country: Argentina

373 ## - GRUPO ASOCIADO

  • Associated group: Universidad de Buenos Aires

374 ## - OCUPACIÓN

  • Occupation: Pedagoga

670 ## - FUENTE EN LA QUE SE LOCALIZARON DATOS

  • Cita de la fuente: Recurso en línea, Wikipedia, 24 abril 2024 :
  • Información localizada: (Clotilde Guillén de Rezzano (Buenos Aires, Argentina, 18 de junio de 18801​-Buenos Aires, 7 de junio de 1951)​ fue una pedagoga argentina y directora del Seminario de Pedagogía de la Universidad de Buenos Aires)

670 ## - FUENTE EN LA QUE SE LOCALIZARON DATOS

  • Cita de la fuente: LC, 24 abril 2024 :
  • Información localizada: (Guillén de Rezzano, Clotilde)
  • Uniform Resource Identifier: https://lccn.loc.gov/no2008071760

902 ## - CATALOGADOR

  • Catalogador: DAA/140208